000 00258nam a2200109Ia 4500
008 200302s9999 xx 000 0 und d
100 _aR. Chudley
245 _aConstruction Technology Vol 4
260 _bLongman Group Ltd.
260 _c1977
300 _a292 P.,
999 _c225
_d225